Influencer (Record no. 114777)

MARC details
000 -LEADER
fixed length control field 00751cam a22002295a 4500
001 - CONTROL NUMBER
control field L157457
008 - FIXED-LENGTH DATA ELEMENTS--GENERAL INFORMATION
fixed length control field 121211s2008 xxk f 000 0 eng d
035 ## - SYSTEM CONTROL NUMBER
System control number (Sirsi) u157457
041 0# - LANGUAGE CODE
Language code of text/sound track or separate title eng
100 1# - MAIN ENTRY--PERSONAL NAME
Personal name Patterson, Kerry
245 00 - TITLE STATEMENT
Title Influencer
Remainder of title the power to change anything
260 ## - PUBLICATION, DISTRIBUTION, ETC.
Place of publication, distribution, etc. New York
Name of publisher, distributor, etc. McGraw-Hill
Date of publication, distribution, etc. 2008
350 ## - PRICE (NR) (BK AM CF MU VM SE) [OBSOLETE]
Price ix, 299p.
-- 24cm.
520 ## - SUMMARY, ETC.
Summary, etc. Gives advice on how to influence others, including: high-leverage behaviours; strategies for changing thoughts and actions; and six sources of influence to bring about change.
651 #4 - SUBJECT ADDED ENTRY--GEOGRAPHIC NAME
Geographic name International
690 ## - LOCAL SUBJECT ADDED ENTRY--TOPICAL TERM (OCLC, RLIN)
Topical term or geographic name as entry element Business and management
700 1# - ADDED ENTRY--PERSONAL NAME
Personal name Grenny, Joseph
700 1# - ADDED ENTRY--PERSONAL NAME
Personal name Maxfield, David
700 1# - ADDED ENTRY--PERSONAL NAME
Personal name McMillan, Ron
700 1# - ADDED ENTRY--PERSONAL NAME
Personal name Switzler, Al
942 ## - ADDED ENTRY ELEMENTS (KOHA)
Suppress in OPAC 0
Holdings
Withdrawn status Lost status Source of classification or shelving scheme Damaged status Not for loan Home library Current library Shelving location Date acquired Total Checkouts Full call number Barcode Date last seen Copy number Price effective from Koha item type
    Dewey Decimal Classification     London London Staff library 11/12/2012   STAFF PATT 30078691 06/08/2019 1 06/08/2019 Book